000 01078nam a2200265 a 4500
001 ebr10468650
003 CaPaEBR
006 m u
007 cr cn|||||||||
008 110525s2011 dcuad s 000 0 eng d
020 _z9780821387504
020 _z9780821387535 (e-book)
040 _aCaPaEBR
_cCaPaEBR
035 _a(OCoLC)733547028
050 1 4 _aT58.64
_b.F56 2011eb
245 0 0 _aFinancial management information systems
_h[electronic resource] :
_b25 years of World Bank experience on what works and what doesn't.
260 _aWashington, D.C. :
_bWorld Bank,
_c2011.
300 _axix, 153 p. :
_bill.
490 0 _aWorld Bank study
533 _aElectronic reproduction.
_bPalo Alto, Calif. :
_cebrary,
_d2013.
_nAvailable via World Wide Web.
_nAccess may be limited to ebrary affiliated libraries.
650 0 _aInformation resources management.
655 7 _aElectronic books.
_2local
710 2 _aebrary, Inc.
856 4 0 _uhttp://site.ebrary.com/lib/rucke/Doc?id=10468650
_zAn electronic book accessible through the World Wide Web; click to view
999 _c241639
_d241639